Welcome to the Holygrace Academy Library

Please use search bar below to get started

COUNT YOUR CHICKENS BEFORE THEY HATCH (Record no. 5768)

MARC details
000 -LEADER
fixed length control field 00333nam a22001337a 4500
020 ## - INTERNATIONAL STANDARD BOOK NUMBER
ISBN 81-259-1073-5
082 ## - DEWEY DECIMAL CLASSIFICATION NUMBER
Classification number 158
Item number CHA/C
100 ## - MAIN ENTRY--AUTHOR NAME
Personal name CHAUDHURI,ARINDAM
245 ## - TITLE STATEMENT
Title COUNT YOUR CHICKENS BEFORE THEY HATCH
260 ## - PUBLICATION, DISTRIBUTION, ETC. (IMPRINT)
Place of publication NEW DELHI
Name of publisher VIKAS PUBLISHING
300 ## - PHYSICAL DESCRIPTION
Number of Pages 192
650 ## - SUBJECT ADDED ENTRY--TOPICAL TERM
Topical Term PERSONALITY DEVELOPMENT
Geographic subdivision NEW DELHI
942 ## - ADDED ENTRY ELEMENTS (KOHA)
Koha item type Books
Holdings
Withdrawn status Lost status Collection code Home library Current library Shelving location Date acquired Source of acquisition Full call number Accession Number Koha item type
    Reference Main Library Main Library SHELF-17G-PERSONALITY DEVELOPMENT BOOKS 03/06/2011 PURCHASE 158 CHA/C 06065 Books